Производство отечественного диоксида титана на основе фтороаммонийного способа переработки ильменита; Химическая промышленность сегодня; № 9
| Parent link: | Химическая промышленность сегодня: научно-технический журнал/ ООО "Химпром Сегодня".— , 1924- № 9.— 2007.— [С. 13-17] |
|---|---|
| Autor principal: | |
| Otros Autores: | , |
| Sumario: | Заглавие с экрана Предложена технологич. схема получения диоксида титана, основанная на взаимодействии ильменита с фторидом аммония с последующей отгонкой тетрафторида титана и его гидролизом. Изучена кинетика процесса фторирования, определены энергия и константа скорости реакции. Рассчитан материальный баланс процесса, на основании которого составлена технологич. схема. Предложена схема участка разложения ильменита и получения диоксида титана с использованием только стандартных химич. машин и аппаратов. Режим доступа: по договору с организацией-держателем ресурса |
| Lenguaje: | ruso |
| Publicado: |
2007
|
| Materias: | |
| Acceso en línea: | http://elibrary.ru/item.asp?id=12938629 |
| Formato: | MixedMaterials Electrónico Capítulo de libro |
| KOHA link: | https://koha.lib.tpu.ru/cgi-bin/koha/opac-detail.pl?biblionumber=640018 |
MARC
| LEADER | 00000naa0a2200000 4500 | ||
|---|---|---|---|
| 001 | 640018 | ||
| 005 | 20250228092844.0 | ||
| 035 | |a (RuTPU)RU\TPU\network\4548 | ||
| 035 | |a RU\TPU\network\4505 | ||
| 090 | |a 640018 | ||
| 100 | |a 20150407d2007 k||y0rusy50 ca | ||
| 101 | 0 | |a rus | |
| 102 | |a RU | ||
| 135 | |a drnn ---uucaa | ||
| 181 | 0 | |a i | |
| 182 | 0 | |a b | |
| 200 | 1 | |a Производство отечественного диоксида титана на основе фтороаммонийного способа переработки ильменита |f А. А. Андреев, А. Н. Дьяченко, Р. И. Крайденко | |
| 203 | |a Текст |c электронный | ||
| 300 | |a Заглавие с экрана | ||
| 320 | |a [Библиогр.: с. 17 (16 назв.)] | ||
| 330 | |a Предложена технологич. схема получения диоксида титана, основанная на взаимодействии ильменита с фторидом аммония с последующей отгонкой тетрафторида титана и его гидролизом. Изучена кинетика процесса фторирования, определены энергия и константа скорости реакции. Рассчитан материальный баланс процесса, на основании которого составлена технологич. схема. Предложена схема участка разложения ильменита и получения диоксида титана с использованием только стандартных химич. машин и аппаратов. | ||
| 333 | |a Режим доступа: по договору с организацией-держателем ресурса | ||
| 461 | |t Химическая промышленность сегодня |o научно-технический журнал |f ООО "Химпром Сегодня" |d 1924- | ||
| 463 | |t № 9 |v [С. 13-17] |d 2007 | ||
| 610 | 1 | |a электронный ресурс | |
| 610 | 1 | |a труды учёных ТПУ | |
| 610 | 1 | |a получение | |
| 610 | 1 | |a ильменит | |
| 610 | 1 | |a кинетика | |
| 610 | 1 | |a технологии | |
| 610 | 1 | |a гидрофторирование | |
| 610 | 1 | |a титан диоксид | |
| 700 | 1 | |a Андреев |b А. А. |c химик-технолог |c доцент Томского политехнического университета, кандидат технических наук |f 1983- |g Артем Андреевич |3 (RuTPU)RU\TPU\pers\29528 |9 14064 | |
| 701 | 1 | |a Дьяченко |b А. Н. |c химик-технолог |c профессор Томского политехнического университета, доктор технических наук |f 1977- |g Александр Николаевич |3 (RuTPU)RU\TPU\pers\27691 |9 12765 | |
| 701 | 1 | |a Крайденко |b Р. И. |c химик-технолог |c доцент Томского политехнического университета, старший научный сотрудник, кандидат химических наук |f 1983- |g Роман Иванович |3 (RuTPU)RU\TPU\pers\26383 |9 12105 | |
| 801 | 2 | |a RU |b 63413507 |c 20150415 |g RCR | |
| 856 | 4 | |u http://elibrary.ru/item.asp?id=12938629 | |
| 942 | |c CF | ||